Catálogo
 En Linea

Alas para la mente : (Registro nro. 35822)

Detalles MARC
000 -CABECERA
campo de control de longitud fija 00648nam a2200181 a 4500
001 - NÚMERO DE CONTROL
campo de control 000036331
005 - FECHA Y HORA DE LA ÚLTIMA TRANSACCIÓN
campo de control 20200930075655.0
008 - DATOS DE LONGITUD FIJA--INFORMACIÓN GENERAL
campo de control de longitud fija 120113s1982 ag ac 000 0 spa d
020 ## - NÚMERO INTERNACIONAL ESTÁNDAR DEL LIBRO
Número Internacional Estándar del Libro 9500620588
040 ## - FUENTE DE LA CATALOGACIÓN
Centro catalogador/agencia de origen DO-SdBNP
Lengua de catalogación spa
Centro/agencia transcriptor BNPHU
082 ## - NÚMERO DE LA CLASIFICACIÓN DECIMAL DEWEY
Número de clasificación xxx
Número de documento/Ítem R334a
100 1# - ENTRADA PRINCIPAL--NOMBRE DE PERSONA
Nombre de persona Reggini, Horacio C.
9 (RLIN) 62493
245 10 - MENCIÓN DE TÍTULO
Título Alas para la mente :
Resto del título Logo: un Lenguaje de computadoras y un estilo de pensar /
Mención de responsabilidad, etc. Horacio C. Reggini ; prólogo Hilario Fernández Loung.
260 ## - PUBLICACIÓN, DISTRIBUCIÓN, ETC.
Lugar de publicación, distribución, etc. Argentina :
Nombre del editor, distribuidor, etc. Ediciones Galápago,
Fecha de publicación, distribución, etc. 1982.
300 ## - DESCRIPCIÓN FÍSICA
Extensión 333 p. :
Otras características físicas il., retrs. ;
Dimensiones 22 cm.
590 ## - NOTA LOCAL (RLIN)
Nota local Inventariado, 2019/ YL
700 1# - PUNTO DE ACCESO ADICIONAL--NOMBRE DE PERSONA
Nombre de persona Fernández Loung, Hilario,
Término indicativo de función/relación pról.
9 (RLIN) 62494
Existencias
Estado de retiro Estado de pérdida Restricciones de uso No para préstamo Código de colección Localización permanente Ubicación/localización actual Ubicación en estantería Fecha de adquisición Número de inventario Total de préstamos Signatura topográfica completa Código de barras Fecha visto por última vez Precio válido a partir de Tipo de ítem Koha
      Excluido de préstamo Monografías: Libros y Folletos General General En catalogación 13.01.2012 LF1   xxx R334a 36332-10 25.06.2020 25.06.2020 No se presta

Con tecnología Koha